| 000 | 00869nam a2200265 i 4500 | ||
|---|---|---|---|
| 001 | 000029184 | ||
| 003 | DO-SdBNP | ||
| 005 | 20250129073605.0 | ||
| 007 | ta | ||
| 008 | 110414s1984 dr a 000 | spa d | ||
| 040 |
_aDO-SdBNP _bspa _cBNPHU _erda |
||
| 082 |
_bL951B _222 |
||
| 100 | 1 |
_aBalcácer, Juan Daniel, _d1949- _eautor _96566 |
|
| 245 | 1 | 0 |
_aAmérico Lugo : _bel patriota olvidado / _cJuan Daniel Balcácer. |
| 264 |
_aSanto Domingo : _bMuseo del Hombre Dominicano, _c1984. |
||
| 300 |
_a23 páginas : _bilustraciones ; _c23 cm. |
||
| 336 |
_ardacontent _btexto _2txt |
||
| 337 |
_ardamedia _bsin mediación _2n |
||
| 338 |
_brdacarrier _0volumen _2nc |
||
| 490 | 1 |
_aCiclo de conferencias pensamiento dominicano _v4 |
|
| 590 | _aInventariado, 2024/DG | ||
| 830 | 0 |
_aCiclo de conferencias pensamiento dominicano; _v4 _956103 |
|
| 910 | _aDG | ||
| 942 |
_2ddc _cLBS1 |
||
| 999 |
_c28676 _d28676 |
||